00826nam a2200205 a 450000100100000000500170001000800410002704000250006808200220009310000430011524501120015825000110027026000430028130000200032450000430034471000870038704900090047495201200048399900170060300003167920200930063110.0110630s1988 dr 000 0 spa d aDO-SdBNPbspacBNPHU axxxxbA445a, 19881 aAlmánzar G., José Nicolás95796510aAnálisis, interpretación y aplicación de los estatutos del P.R.S.C. /cJosé Nicolás Almánzar G. a2a ed. aSanto Domingo :bEdiciones IFP,c1988. a55 p. ;c21 cm. aFolleto para la formación política2 aInstituto de Formación Política del Partido Reformista Social Cristiano955055 aBNPD 0010718PDaPDbPDcCTd2011-06-30iLF1l0oxxxx A445a, 1988p31679-10r2020-06-25w2020-06-25yLFPDZNo se presta c31171d31171